000 00351nam a2200133Ia 4500
008 240624s9999 xx 000 0 und d
041 _aeng
082 _a658.5 FOU
100 _aFOUSSIER PIERRE
245 _aFROM PRODUCT DESCRIPTION TO COST A PRACT
260 _c2006
_aLondon
_bSpringer
300 _axxxvi, : 362 : p. : cm. ; 24
365 _cERU
_b50
999 _c27188
_d27188